000 00989nam a22003017a 4500
001 BR8803266
003 BR-BrBNA
005 20230928092923.0
007 ta
008 230509b bl.||||| |||| 00| 0 por d
040 _aBR-BrBNA
_bpor
_cBiblioteca Nacional de Agricultura
041 _a(Por)
072 _aE21; Q60
_b0430
_b/G514
090 _ 0430 BR8803266
100 1 _aBarbosa, E.J.
110 1 _aBolsa de Mercadorias de Sao Paulo, Sao Paulo (Brasil)
_91275
111 1 _a1. Encontro do Algodao
_cSao Paulo, SP (Brazil)
_d18-20 Nov 1987
245 1 _aReflexo da qualidade atual do algodao brasileiro na industria nacional. Situacao da producao brasileira de algodao frente a necessidade da industria (quantidade)
260 3 _aSao Paulo, SP (Brasil):
_c1987.
300 _a7 p.
650 _aALGODAO
650 _aFIBRA
650 _aPOLITICA INDUSTRIAL
650 _aANALISE QUALITATIVA
650 _aSAO PAULO
909 _a202309
_bLucia
_c55
_dLucia Elande
942 _cBK
999 _c41992
_d41992